• 首页
  • 本馆介绍
  • 公告通知
  • 最新文献
  • 馆藏检索
  • 电子资源
  • 读者导购
  • 参考咨询
  • 我的图书馆
  • 登录
  • 详细信息显示
  • 放入我的书架
  • 预约/预借图书
  • 作者相关作品
  • 分类相关作品
  • 丛书相关作品
  • 出版社相关作品

书目信息

  • 表格格式
  • 工作单格式
  • 卡片格式
题名:
外国著名战争、战役
    
 
作者: ;苏联军事百科全书中译本编辑组 编
分册: 中  
出版信息: 北京   知识出版社  1981
页数: 409-946页
开本: 21cm
丛书名:
单 册:
中图分类: E82
科图分类:
主题词: 战争史--外国--史料 , 战役--外国--史料 , 战役学
电子资源:
ISBN:
000 00836nam0 2200277 45
001 0181002654
005 20040424153944.4
010    @dCNY2.20
091    @a5214.1001(中)
100    @a19950413d1981 emky0chiy0121 ea
101 1  @achi@crus
102    @aCN@b110000
105    @ay f 000yy
106    @ar
200 10 @a外国著名战争、战役@h中@Awai guo zhu ming zhan zheng zhan yi@f《苏联军事百科全书》中译本编辑组编
210    @a北京@c知识出版社@d1981
215    @a409-946页@d21cm
300    @a《苏联军事百科全书》选译
606    @a战争史@y外国@x史料
606    @a战役@y外国@x史料
606 0  @a战役学
690    @aE82
711 02 @a苏联军事百科全书中译本编辑组@Asu lian jun shi bai ke quan shu zhong yi ben bian ji zu@4编
801  0 @aCN@b上海图书馆@c20040424
801  2 @aCN@bNLC@c20040424
905    @f1@b84699@dE82@e6:2
    
    外国著名战争、战役.中/《苏联军事百科全书》中译本编辑组编.-北京:知识出版社,1981
    409-946页;21cm
    《苏联军事百科全书》选译
    
    ISBN :CNY2.20
    
●
相关链接 在E读中查询图书 在五车中查询图书 在当当中查询图书 在豆瓣中查询图书


正题名:外国著名战争、战役     索取号:E82/6:2         预约/预借

序号 登录号 条形码 馆藏地/架位号 状态 备注
1 0084699   001262911   第一借阅区/ [索取号:E82/6:2] 在馆    
2 0084700   001262920   第一样本阅览室/ [索取号:E82/6:2] 在馆    
唐山师范学院图书馆 欢迎您!
大连网信软件有限公司© 版权所有